00194nam a22000617a 4500008004100000100003100041245006000072161013b xxu||||| |||| 00| 0 eng d aMemon, Ayaz Ahmed b94ME88 aDesign, Fabrication And Testing of Solar Still (Thesis)